Introduction to information technology /

Bibliographic Details
Main Author: Turban, Efraim
Other Authors: Rainer, R. Kelly, Jr., 1949-, Potter, Richard E.
Format: Book
Language:English
Published: New York : John Wiley & Sons, [2003]
Edition:2nd ed.
Subjects:

MARC

Tag First Indicator Second Indicator Subfields
LEADER 00000cam a22000004a 4500
001 in00001709521
005 20151024154514.0
008 020618s2002 nyua b 001 0 eng
010 |a  2002026374 
015 |a GBA2-W7346 
020 |a 0471073806 (cloth : alk. paper) 
035 |a (OCoLC)ocm50017278 
040 |a DLC  |c DLC  |d UKM  |d TXA  |d UtOrBLW 
042 |a pcc 
049 |a TXAM 
050 0 0 |a T58.5  |b .T87 2002 
082 0 0 |a 658/.05  |2 21 
100 1 |a Turban, Efraim. 
245 1 0 |a Introduction to information technology /  |c Efraim Turban, R. Kelly Rainer, Jr., Richard E. Potter. 
246 3 0 |a Information technology 
250 |a 2nd ed. 
264 1 |a New York :  |b John Wiley & Sons,  |c [2003] 
264 4 |c ©2003 
300 |a 1 volume (various pagings) :  |b illustrations (some color) ;  |c 27 cm. +  |e 1 CD-ROM (4 3/4 in.) 
336 |a text  |b txt  |2 rdacontent 
337 |a unmediated  |b n  |2 rdamedia 
338 |a volume  |b nc  |2 rdacarrier 
504 |a Includes bibliographical references and index. 
650 0 |a Information technology. 
650 0 |a Management information systems. 
700 1 |a Rainer, R. Kelly,  |c Jr.,  |d 1949- 
700 1 |a Potter, Richard E. 
948 |a cataloged  |b h  |c 2002/9/25  |d c  |e ceaton  |f 10:40:38 am 
994 |a E0  |b TXA 
999 |a MARS 
999 f f |s f7cdbdc1-8e3f-3553-8f7e-ac6ca8be4c32  |i b1bf1029-de25-3eda-a806-a8c3c524cdb3  |t 0 
952 f f |p ric  |a Texas A&M University  |b Rellis Campus  |c Joint Library Facility  |d Remote Storage  |t 0  |e T58.5 .T87 2002  |h Library of Congress classification  |i unmediated -- volume  |m A14829143709 
998 f f |a T58.5 .T87 2002  |t 0  |l Remote Storage